Zdaňovanie autorských príjmov
Autorské právo. Licenčné zmluvy. Zdaňovanie príjmov z duševného vlastníctva. Zmeny od 1.1.2013. Výhody a nevýhody zrážkovej dane.
Gespeichert in:
| 1. Verfasser: | |
|---|---|
| Format: | Buchkapitel |
| Sprache: | Slowakisch |
| Schlagworte: | |
| Tags: |
Keine Tags, Fügen Sie das erste Tag hinzu!
|
MARC
| LEADER | 00000naa a2200000 4500 | ||
|---|---|---|---|
| 001 | 0165527 | ||
| 005 | 20231120133835.7 | ||
| 041 | 0 | |a slo | |
| 044 | |a SK | ||
| 245 | 1 | 0 | |a Zdaňovanie autorských príjmov |c Katarína Slaninková |
| 520 | |a Autorské právo. Licenčné zmluvy. Zdaňovanie príjmov z duševného vlastníctva. Zmeny od 1.1.2013. Výhody a nevýhody zrážkovej dane. | ||
| 610 | 2 | 0 | |a vlastníctvo duševné |
| 610 | 2 | 0 | |a právo autorské |
| 610 | 2 | 0 | |a príjmy |
| 610 | 2 | 0 | |a dane z príjmov |
| 610 | 2 | 0 | |a dane zrážkové |
| 100 | 1 | |a Slaninková, Katarína | |